Quiz Fairytail - Statistiques

Statistiques générales
  • Ce quiz a été pris 49 fois
  • Le résultat moyen est 16 sur 30
Statistiques - réponses
Question Réponse % Correct
Dans quelle ville se situe la guilde de Fairytail? Magnolia
80%
Lequel de ces mages fait partie des 10 mages sacrés? Jura
73%
Dans l'arc "bataille de fairytail" quel est le nom du piège installé par Luxus? Le palais de la foudre
73%
Comment s'appelle l'exceed qui accompagne Gajil? Panther Lily
73%
Quel lien unit Natsu et Zeleph? Frères
68%
Avec quel mage Grey était-il en binôme pour l'examen de mage de rang S? Loki
66%
Quel élément représentait le mage Alia dans l'arc de Phantom Lord? Air
64%
Comment s'appelle la princesse de Fiore? Jade
64%
Quelle est la guilde de Jura? Lamiascale
64%
À quelle date les dragons ont-ils disparu? 07-07-777
61%
Quelle clé Lucy brise t'elle pour invoquer le roi des Esprits dans Tartaros? Verseau
61%
Au tout premier épisode de l'anime, quelles clés d'or Lucy possédait-elle déjà? Cancer, Taureau, Verseau
59%
Quelle magie Grey obtient-il à la suite des combats contre Tartaros? Chasseur de démon de glace
59%
Au cours de quel arc Wendy fait-elle son entrée dans l'anime? Oracion Seis
59%
Lequel de ces mages n'appartient pas à la guilde Grimoire Heart? Sugarboy
55%
Quelle est la vraie identité de maître Hadès? Precht
52%
Combien y'a t'il d'openings dans l'anime? 26
50%
Quel mage a remporté les 24 heures à pied de Fairytail? Happy
50%
Contre quel membre des Oracion Seis Grey s'est battu avec Léon? Racer
48%
Dans l'arc de Tenrô, contre quel Chevalier du Purgatoire Erza se bat-elle? Azuma
45%
Quel esprit affronte Jubia dans l'arc Eclipse des esprits stellaires? Aries
41%
Après l'arc de l'île de Galuna, quelle clé d'or Lucy obtient en récompense? Sagittaire
41%
Combien de clés d'or possède Yukino? 2
36%
Quel est le surnom de Rufus Lore? Le ménestrel de la lune rouge
36%
Combien y'a t'il de chasseurs de dragons? 7
34%
Même question pour Reby Caprico
34%
Dans l'arc des Grands Jeux Intermagiques, à quelle épreuve Grey a t'il fini dernier? Hidden
34%
Quel opening correspond à l'arc de la tour du paradis? 3
32%
Lequel de ces personnages a rejoint Fairy Tail le 1er parmi ceux-ci? Grey
32%
Comment s'appelle le royaume des Exceeds? Extalia
25%
Aucun quiz correspondant
Distribution des résultats
% des personnes avec chaque résultat
Percentile par nombre de réponses
Votre historique - résultats
Vous n’avez pas pris ce quiz